|
|
|
|
| LEADER |
00000nab a2200000 a 4500 |
| 001 |
vtls000761158 |
| 003 |
SK-MaSNL |
| 005 |
20260302160216.0 |
| 008 |
160314c2001 xo 0 hun |
| 015 |
|
|
|a SNBRB2001/06-19242
|
| 035 |
|
|
|a CLN000112945
|
| 040 |
|
|
|a SNKBUCL
|b slo
|c SNKBUCL
|e AACR2
|
| 041 |
0 |
|
|a slo
|
| 044 |
|
|
|a xo
|c SK
|
| 080 |
|
|
|a 894.511-1(087.5)=945.11
|2 UDC-MRF-SK2
|
| 100 |
1 |
|
|a Csanádi, Imre,
|d 1920-1991
|4 aut
|9 533370
|
| 245 |
1 |
0 |
|a Májusdicsérő
|c Csanádi Imre
|
| 650 |
0 |
7 |
|a naratívne básne, maďarské
|2 snkbucl
|9 71242
|
| 773 |
0 |
|
|t Remény
|g Roč. 12, č. 20 (2001), s. 7
|
| 850 |
|
|
|a Slovenská národná knižnica v Martine
|
| 852 |
|
|
|a SNK
|b KIS3GCP
|
| 958 |
|
|
|a HU
|
| 958 |
|
|
|a LX
|
| 958 |
|
|
|a DB
|
| 958 |
|
|
|a RBX
|
| 999 |
|
|
|c 1373821
|d 1375751
|